Top ten dog breeds in 15 seconds - Statistics

General Stats
  • This quiz has been taken 19 times
  • The average score is 4 of 10
Answer Stats
Answer % Correct
German Shepherd
75%
Golden Retriever
75%
Labrador Retriever
75%
Beagle
38%
Poodle
38%
Bulldog
25%
Pembroke Welsh Corgi
25%
Rottweiler
19%
French bulldog
13%
German Shorthair Pointer
0%
No matching quizzes found
Score Distribution
Percent of People with Each Score
Percentile by Number Answered
Your Score History
You have not taken this quiz